000 00661nam a2200217 i 4500
001 106668
003 ES-MaACL
005 20240419214545.0
007 t|
008 190703s1966 sp ||||1| spa d
100 1 _aRichard, Louis.
_9167445
245 1 0 _aEl misterio de la Redención /
_cLouis Richard ; [traducción de Lluis To].
260 _aMadrid :
_bPenínsula,
_c1966.
300 _a359 p. ;
_c20 cm.
490 1 _aColección Pensamiento Cristiano ;
_v2
650 0 4 _aRedención.
_916709
700 1 _aTo, Luis.
_9167446
830 0 _aColección pensamiento cristiano
_v2
_9179624
852 _aES-MaACL
_jP-618-Ter-2
999 _c106668
_d106668